First Pokémon with Typing - Statistics

General Stats
  • This quiz has been taken 326 times
  • The average score is 15 of 17
Answer Stats
Type Pokémon % Correct
Water Squirtle
99%
Grass Bulbasaur
98%
Poison Bulbasaur
98%
Bug Caterpie
98%
Fire Charmander
98%
Electric Pikachu
97%
Dragon Dratini
93%
Normal Pidgey
93%
Flying Charizard
92%
Ghost Gastly
92%
Rock Geodude
92%
Psychic Abra
88%
Fairy Clefairy
86%
Fighting Mankey
82%
Ground Sandshrew
82%
Steel Magnemite
78%
Dark Umbreon
68%
No matching quizzes found
Score Distribution
Percent of People with Each Score
Percentile by Number Answered
Your Score History
You have not taken this quiz